| 000 | 00621cam a22001935i 4500 | ||
|---|---|---|---|
| 001 | 23870125 | ||
| 005 | 20241021123023.0 | ||
| 008 | 240918s2024 ii 000 0 eng | ||
| 020 | _a9789350351512 | ||
| 050 |
_aKNS2119 _b.B23 |
||
| 100 | _aBarowalia, J.N. | ||
| 245 | 0 | 0 |
_aCommentary on the right to information act / _cJ. N. Barowalia |
| 250 |
_aThird Edition _bReprint 2013 |
||
| 260 |
_aNew Delhi, India _bUniversal Law Publishing Co. PVT. Ltd _cc2012 |
||
| 300 |
_alvi, 1166 pages _bTables, Forms, Subject Index _c25cm |
||
| 650 |
_2Information _aIndia |
||
| 650 |
_2Right _aIndia |
||
| 942 |
_2lcc _cBK _eThird Edition _n0 |
||
| 999 |
_c102 _d102 |
||